Dynamique du provisoire

Zapisane w:
Opis bibliograficzny
1. autor: Schutz, Roger (Autor)
Format: Książka
Język:francuski
Wydane: París Les Presses de Taizé 1965
Hasła przedmiotowe:
Etykiety: Dodaj etykietę
Nie ma etykietki, Dołącz pierwszą etykiete!

MARC

LEADER 00000nam a2200000 a 4500
001 UCH5809
003 CL-VaPUC
008 091029e19650000FR |||||||||||||||||fre|d
082 0 4 |a 280  |b SCH  |2 21 
100 0 |a Schutz, Roger  |e author  |9 542154 
245 1 0 |a Dynamique du provisoire 
300 |a 183 p 
942 |c BK 
945 |d 20091029 00:00:00  |a rbrito 
260 |a París  |b Les Presses de Taizé  |c 1965 
650 0 |a Ecumenismo  |9 255639 
583 |a last modification  |c 20091029 00:00:00  |k Rodrigo Vera 
999 |c 336856  |d 336854 
952 |0 0  |1 0  |4 0  |6 280_000000000000000_SCH_1965  |7 0  |8 A  |9 428863  |a BIBTEO  |b BIBTEO  |d 2019-11-22  |i 4612183  |o 280 SCH 1965  |p 4612183  |r 2025-01-17  |w 2019-11-22  |y BK  |k ICR